[Event "BRA-ch 87th"]
[Site "Cuiaba"]
[Date "2021.10.31"]
[Round "6"]
[White "Vicentin, Marcos Tadeu"]
[Black "Correa, Joao Pedro Vieira"]
[Result "1-0"]
[WhiteElo "1961"]
[BlackElo "1750"]
[PlyCount "117"]
[EventDate "2021.10.28"]
[EventType "swiss"]
[EventRounds "11"]
[EventCountry "BRA"]
[SourceTitle "CBM 205 Extra"]
[Source "ChessBase"]
[SourceDate "2022.01.31"]
[SourceVersion "1"]
[SourceVersionDate "2022.01.31"]
[SourceQuality "1"]

1. e4 c5 2. Nc3 d6 3. f4 Nc6 4. Nf3 g6 5. Bb5 Bd7 6. Bxc6 Bxc6 7. d3 Bg7 8. 0-0 Nf6 9. Qe1 b5 10. Qh4 b4 11. Ne2 Qd7 12. h3 0-0-0 13. a3 b3 14. c4 Qb7 15. Nc3 Nd7 16. Nd5 Bxd5 17. exd5 Nb6 18. a4 Qd7 19. a5 Na4 20. Ra3 Kc7 21. Ng5 Rdf8 22. Qg4 Qxg4 23. hxg4 Nxb2 24. Rxb3 Rb8 25. Ra3 Rhf8 26. Re1 Kd7 27. Nxh7 Rh8 28. Ng5 Bd4+ 29. Be3 Bxe3+ 30. Rxe3 f6 31. Ne6 Rb4 32. Rh3 Rxh3 33. gxh3 Na4 34. Nf8+ Ke8 35. Nxg6 Kf7 36. f5 Nb2 37. Kh2 Nd1 38. Ra1 Nf2 39. Re1 Nxd3 40. Rxe7+ Kg8 41. Rxa7 Rxc4 42. Rd7 Rc2+ 43. Kg3 c4 44. Rxd6 c3 45. Rc6 Nb4 46. Rc8+ Kf7 47. d6 Rd2 48. Rxc3 Rxd6 49. Rc7+ Kg8 50. Re7 Ra6 51. Re6 Rxa5 52. Rxf6 Nd5 53. Re6 Ra3+ 54. Kh4 Ne3 55. Kg5 Nd5 56. h4 Ra7 57. h5 Rb7 58. h6 Ra7 59. Re8+ 1-0

[Event "Sao Jose dos Campos op"]
[Site "Sao Jose dos Campos"]
[Date "2021.10.09"]
[Round "2"]
[White "Vicentin, Marcos Tadeu"]
[Black "Di Berardino, Diego Rafael"]
[Result "0-1"]
[WhiteElo "1961"]
[BlackElo "2471"]
[PlyCount "36"]
[EventDate "2021.10.09"]
[EventType "swiss"]
[EventRounds "7"]
[EventCountry "BRA"]
[SourceTitle "CBM 204 Extra"]
[Source "ChessBase"]
[SourceDate "2021.11.30"]
[SourceVersion "1"]
[SourceVersionDate "2021.11.30"]
[SourceQuality "1"]

1. Nf3 c5 2. g3 Nc6 3. Bg2 g6 4. 0-0 Bg7 5. c3 e5 6. d3 Nge7 7. Nbd2 0-0 8. Nb3 d6 9. d4 cxd4 10. cxd4 e4 11. Ne1 d5 12. Bg5 h6 13. Bxe7 Qxe7 14. Nc2 h5 15. e3 h4 16. f4 exf3 17. Qxf3 Bf5 18. Rf2 Rac8 0-1

[Event "Joao Pessoa de Assis Memorial 1st"]
[Site "Joao Pessoa"]
[Date "2019.11.15"]
[Round "2"]
[White "Vicentin, Marcos Tadeu"]
[Black "Fonseca, Lucio Flavio Reis D"]
[Result "1-0"]
[WhiteElo "1949"]
[BlackElo "1796"]
[PlyCount "45"]
[EventDate "2019.11.15"]
[EventType "swiss"]
[EventRounds "6"]
[EventCountry "BRA"]
[SourceTitle "CBM 193 Extra"]
[Source "ChessBase"]
[SourceDate "2020.01.31"]
[SourceVersion "1"]
[SourceVersionDate "2020.01.31"]
[SourceQuality "1"]

1. e4 e6 2. Nf3 d5 3. Nc3 Nf6 4. e5 Nfd7 5. d4 c5 6. dxc5 Bxc5 7. Bd3 Nc6 8. Bf4 Qb6 9. 0-0 Qxb2 10. Nb5 Ndxe5 11. Nxe5 Nxe5 12. Rb1 Qxa2 13. Bxe5 Qa5 14. Nc7+ Ke7 15. Rb5 Qa3 16. Bb2 Qa2 17. Bxg7 Rg8 18. Qg4 Bd6 19. Qg5+ Kd7 20. Nxa8 Bf8 21. Qe5 Bd6 22. Qf6 Be7 23. Qxf7 1-0

[Event "Sao Paulo op-B U2050 7th"]
[Site "Sao Paulo"]
[Date "2018.03.31"]
[Round "4"]
[White "Vicentin, Marcos Tadeu"]
[Black "Miquelin, Nicolas Seoane"]
[Result "1/2-1/2"]
[WhiteElo "1962"]
[BlackElo "1992"]
[PlyCount "175"]
[EventDate "2018.03.30"]
[EventType "swiss"]
[EventRounds "6"]
[EventCountry "BRA"]
[SourceTitle "EXT 2021"]
[Source "ChessBase"]
[SourceDate "2020.10.23"]
[SourceVersion "1"]
[SourceVersionDate "2020.10.23"]
[SourceQuality "1"]

1. e4 c5 2. Ne2 g6 3. g3 d5 4. Bg2 dxe4 5. Nbc3 f5 6. 0-0 Nf6 7. d3 exd3 8. Nf4 dxc2 9. Qxc2 e5 10. Re1 Bd6 11. Nd3 e4 12. f3 0-0 13. fxe4 c4 14. Nf4 Nc6 15. Nfd5 Ng4 16. Rf1 Be6 17. h3 Nge5 18. Nf4 Bd7 19. Be3 Nb4 20. Qd2 Nbd3 21. Kh2 Qe8 22. b3 Rd8 23. bxc4 Bc6 24. Ncd5 Nxf4 25. Bxf4 Nxc4 26. Qd4 Bxf4 27. Rxf4 Bxd5 28. exd5 Nd6 29. Rff1 a6 30. Rfe1 Qd7 31. Re6 Ne4 32. Rd1 Qxe6 33. dxe6 Rxd4 34. Rxd4 Re8 35. Bf1 b5 36. a4 Rxe6 37. axb5 axb5 38. Bxb5 Re7 39. Bc4+ Kg7 40. Kg2 h5 41. h4 Kf6 42. Rd8 Rc7 43. Bd3 Nc5 44. Be2 Ne4 45. Bd3 Nc5 46. Be2 Rc6 47. Rf8+ Ke5 48. Re8+ Ne6 49. Bb5 Rc2+ 50. Kf3 Kf6 51. Bd7 Nc5 52. Bc6 Nd3 53. Bd5 Ne5+ 54. Kf4 Rf2+ 55. Ke3 Ng4+ 56. Kd3 Rf1 57. Re6+ Kg7 58. Ke2 Rf2+ 59. Kd3 Rf1 60. Ke2 Rg1 61. Kf3 Rd1 62. Bc4 Rc1 63. Bd5 Rd1 64. Bc4 Rc1 65. Bd5 Rc3+ 66. Kf4 Rd3 67. Bc6 Nf2 68. Re3 Rd6 69. Bf3 Kf6 70. Bb7 Rd7 71. Bc6 Rd6 72. Bb7 Rd7 73. Bc6 Nd3+ 74. Kf3 Rd6 75. Bb5 Ne5+ 76. Ke2 Rb6 77. Be8 Rb2+ 78. Kf1 Ng4 79. Re2 Rb3 80. Kg2 Rd3 81. Bc6 Rc3 82. Bd7 Ne5 83. Bb5 Rb3 84. Be8 Nd3 85. Bd7 Nc5 86. Bc6 Rb6 87. Bd5 Rd6 88. Bf3 1/2-1/2

[Event "Brazil Pocos de Caldas op"]
[Site "Pocos de Caldas"]
[Date "2018.03.03"]
[Round "3"]
[White "Vicentin, Marcos Tadeu"]
[Black "Menezes, Jose Eduardo C"]
[Result "1-0"]
[WhiteElo "1962"]
[BlackElo "1844"]
[PlyCount "61"]
[EventDate "2018.03.02"]
[EventType "swiss"]
[EventRounds "6"]
[EventCountry "BRA"]
[SourceTitle "CBM 183 Extra"]
[Source "ChessBase"]
[SourceDate "2018.04.19"]
[SourceVersion "1"]
[SourceVersionDate "2018.04.19"]
[SourceQuality "1"]

1. e4 c5 2. Ne2 d6 3. g3 Bg4 4. Bg2 Bxe2 5. Qxe2 e5 6. 0-0 Nc6 7. c3 Qb6 8. Na3 g6 9. d3 h5 10. Nc4 Qc7 11. h4 0-0-0 12. b4 cxb4 13. cxb4 Nd4 14. Qb2 Kb8 15. Be3 f5 16. Bxd4 exd4 17. Rac1 Qf7 18. exf5 Bg7 19. Qc2 Qc7 20. Na5 Qxc2 21. Rxc2 d5 22. Rfc1 Be5 23. Bxd5 Ne7 24. Bxb7 gxf5 25. f4 Bf6 26. Rc7 Rhg8 27. Kf2 Ng6 28. Bh1 Rg7 29. Rxg7 Bxg7 30. Nc6+ Kc7 31. Ne5+ 1-0

[Event "Brasilia Terraviva op"]
[Site "Brasilia"]
[Date "2016.04.22"]
[Round "3"]
[White "Tarmak, Mart"]
[Black "Vicentin, Marcos Tadeu"]
[Result "1/2-1/2"]
[WhiteElo "1800"]
[BlackElo "1944"]
[PlyCount "42"]
[EventDate "2016.04.21"]
[EventType "swiss"]
[EventRounds "7"]
[EventCountry "BRA"]
[SourceTitle "CBM 172 Extra"]
[Source "ChessBase"]
[SourceDate "2016.06.21"]
[SourceVersion "1"]
[SourceVersionDate "2016.06.21"]
[SourceQuality "1"]

1. e4 c5 2. Nf3 e6 3. c3 d5 4. Bb5+ Bd7 5. Bxd7+ Qxd7 6. exd5 exd5 7. Qe2+ Qe7 8. d3 Nc6 9. Bf4 Nf6 10. Nbd2 Qxe2+ 11. Kxe2 0-0-0 12. h3 Nh5 13. Bh2 Bd6 14. Bxd6 Rxd6 15. g3 Re8+ 16. Kd1 h6 17. Re1 Rde6 18. Rxe6 Rxe6 19. Nb3 b6 20. Kd2 Rf6 21. Ke2 Re6+ 1/2-1/2